Southville International School and Colleges
Your cart is empty.
  • Cart
  • Lists
    Public lists Eva Luna New books Lux_list list_1
    Your lists Log in to create your own lists
  • Log in to your account
  • Your cookies
  • Search history
Southville International School and Colleges
  • Advanced search
  • Recent comments
  • Most popular
  • Libraries

Log in to your account

Log in with GOOGLE


If you do not have an external account, but do have a local account, you can still log in:

  1. Home
  2. MARC view: What happened to the dinosaurs?
Normal view MARC view ISBD view

What happened to the dinosaurs? (Record no. 355209)

[ view plain ]
MARC details
000 -LEADER
fixed length control field 00439nam a2200181Ia 4500
008 - FIXED-LENGTH DATA ELEMENTS--GENERAL INFORMATION
fixed length control field 180207s9999 xx 000 0 und d
020 ## - INTERNATIONAL STANDARD BOOK NUMBER
International Standard Book Number 9780007230846
050 ## - LIBRARY OF CONGRESS CALL NUMBER
Item number H893 2007
100 ## - MAIN ENTRY--PERSONAL NAME
Personal name Hughes, Jon.
245 ## - TITLE STATEMENT
Title What happened to the dinosaurs?
245 ## - TITLE STATEMENT
Statement of responsibility, etc Jon Hughes.
260 ## - PUBLICATION, DISTRIBUTION, ETC. (IMPRINT)
Place of publication, distribution, etc London :
260 ## - PUBLICATION, DISTRIBUTION, ETC. (IMPRINT)
Name of publisher, distributor, etc Collins,
260 ## - PUBLICATION, DISTRIBUTION, ETC. (IMPRINT)
Date of publication, distribution, etc 2007
300 ## - PHYSICAL DESCRIPTION
Extent 31 pages :
300 ## - PHYSICAL DESCRIPTION
Other physical details color illustration ;
440 ## - SERIES STATEMENT/ADDED ENTRY--TITLE
Title Collins big cat.
Holdings
Withdrawn status Lost status Damaged status Home library Current library Date acquired Total Checkouts Full call number Barcode Date last seen Price effective from Koha item type
      Stonyhurst Southville International School (Malarayat) Stonyhurst Southville International School (Malarayat) 02/07/2018   ER H893 2007 SSISM4754 02/07/2018 02/07/2018 Books

What happened to the dinosaurs?

APA

Hughes J., .What happened to the dinosaurs?. London: .

Chicago

Hughes Jon, .What happened to the dinosaurs?. London: .

Harvard

Hughes J., .What happened to the dinosaurs?. London: .

MLA

Hughes Jon, .London: . .

  • Place hold
  • Print
  • Cite
  • Add to your cart (remove)
  • Save record
    BIBTEX Dublin Core MARCXML MARC (non-Unicode/MARC-8) MARC (Unicode/UTF-8) MARC (Unicode/UTF-8, Standard) MODS (XML) RIS
  • More searches
    Search for this title in:
    Other Libraries (WorldCat) Other Databases (Google Scholar) Online Stores (Bookfinder.com) Open Library (openlibrary.org)

Exporting to Dublin Core...

SOUTHVILLE LIBRARY

Southville International School and Colleges Library

1281 Tropical Ave. Cor. Luxembourg St., BF Homes International, Las Pinas City

Tel. No. 8256374 / 252358 Loc. 117/146

Powered by Koha